<?xml version="1.0" encoding="UTF-8"?>
<record
    xmlns:xsi="http://www.w3.org/2001/XMLSchema-instance"
    xsi:schemaLocation="http://www.loc.gov/MARC21/slim http://www.loc.gov/standards/marcxml/schema/MARC21slim.xsd"
    xmlns="http://www.loc.gov/MARC21/slim">

  <leader>04277nam a2200253   4500</leader>
  <controlfield tag="003">vecauma</controlfield>
  <controlfield tag="005">20260518191922.0</controlfield>
  <controlfield tag="007">ta</controlfield>
  <controlfield tag="008">260518b        ve ||||| |||| 00| 0 spa d</controlfield>
  <datafield tag="020" ind1=" " ind2=" ">
    <subfield code="a">950121057X</subfield>
  </datafield>
  <datafield tag="040" ind1=" " ind2=" ">
    <subfield code="a">vecauma</subfield>
    <subfield code="b">spa</subfield>
    <subfield code="c">vecauma</subfield>
    <subfield code="d">vecauma</subfield>
    <subfield code="e">rda</subfield>
  </datafield>
  <datafield tag="041" ind1=" " ind2=" ">
    <subfield code="a">spa</subfield>
  </datafield>
  <datafield tag="100" ind1="1" ind2=" ">
    <subfield code="e">autor</subfield>
  </datafield>
  <datafield tag="245" ind1="1" ind2=" ">
    <subfield code="a">El principio del 80/20</subfield>
    <subfield code="b">El secreto de lograr m&#xE1;s con menos </subfield>
    <subfield code="c">/ Richard Koch</subfield>
  </datafield>
  <datafield tag="264" ind1=" " ind2=" ">
    <subfield code="a">Argentina:</subfield>
    <subfield code="b">Paid&#xF3;s;</subfield>
    <subfield code="c">1998.</subfield>
  </datafield>
  <datafield tag="300" ind1=" " ind2=" ">
    <subfield code="a">289 p&#xE1;ginas.</subfield>
  </datafield>
  <datafield tag="336" ind1=" " ind2=" ">
    <subfield code="a">texto</subfield>
    <subfield code="b">txt</subfield>
    <subfield code="2">rdacontenido</subfield>
  </datafield>
  <datafield tag="337" ind1=" " ind2=" ">
    <subfield code="a">no mediado</subfield>
    <subfield code="b">n</subfield>
    <subfield code="2">rdamedio</subfield>
  </datafield>
  <datafield tag="338" ind1=" " ind2=" ">
    <subfield code="a">volumen</subfield>
    <subfield code="b">nc</subfield>
    <subfield code="2">rdasoporte</subfield>
  </datafield>
  <datafield tag="505" ind1="0" ind2=" ">
    <subfield code="a">El &#xE9;xito empresarial no es ning&#xFA;n misterio /
Trabajar menos, ganar y disfrutar m&#xE1;s /
Crescendo /
 </subfield>
  </datafield>
  <datafield tag="520" ind1="3" ind2=" ">
    <subfield code="a">El principio del 80/20-verdadero principio de las organizaciones y el personal altamente eficaces- sostiene que el 80 por ciento de los resultados surge del 20 por ciento de las causas. Este libro explica c&#xF3;mo lograr mucho m&#xE1;s con mucho menos esfuerzo, tiempo y recursos, al concentrarse simplemente en el crucial 20%. Curiosamente, aun cuando este principio haya tenido una gran influencia sobre el mundo actual, &#xE9;sta es la primera obra que muestra c&#xF3;mo utilizarlo de una manera sistem&#xE1;tica y pr&#xE1;ctica. La pauta del desequilibrio predecible, impl&#xED;cita en el principio del 80/20, fue descubierta por casualidad hace exactamente cien a&#xF1;os por el economista italiano Vilfredo Pareto. Estudiando las pautas de ingreso y riqueza, descubri&#xF3; que cualquiera que fuera la naci&#xF3;n o el per&#xED;odo considerado, la pauta del desequilibrio predecible era exactamente la misma: aproximadamente un 80% del dinero iba a parar al 20% de la gente. Koch plantea la validez y el poder de este principio a trav&#xE9;s de una amplia gama de ejemplos de los &#xE1;mbitos empresarial, personal y social. Si confiamos en las pocas y poderosas fuerzas que tenemos, podremos sacar ventaja de nuestros esfuerzos para multiplicar la eficacia. Una peque&#xF1;a proporci&#xF3;n de lo que hacemos es lo que realmente importa. Por lo tanto, si nos concentramos en esto &#xFA;ltimo, podremos controlar los acontecimientos en lugar de ser controlados por ellos. Incluso podremos multiplicar nuestra felicidad si tomamos unas pocas-pero valientes- medidas radicales para reorganizar nuestras vidas. No se trata de un uso racional del tiempo. Es una revoluci&#xF3;n del tiempo, que elevar&#xE1; sustancialmente la calidad de nuestras vidas demostrando que realizaci&#xF3;n y esparcimiento resultan compatibles. El principio del 80/20 nos induce a mejorar la sociedad y a multiplicar los motores del progreso, por lo que resulta de inter&#xE9;s tanto para la izquierda como la derecha.

El verdadero principio de las organizaciones altamente eficaces es que el 80 por ciento de los resultados surgen de s&#xF3;lo el 20 por ciento de las causas. En el n&#xFA;cleo de este principio hay un hecho contradictorio pero frecuente -el desequilibrio profundo, la desproporci&#xF3;n y la falta de correspondencia entre esfuerzo y retribuci&#xF3;n- que los cient&#xED;ficos llaman desalineamiento. El universo es precario, pero todav&#xED;a esperamos relaciones equilibradas de causa a efecto, y cuando las cosas no resultan de esta manera, a menudo nos negamos a verlas. Las anteojeras socavan nuestra eficacia. El principio del 80/20 puede transformar su vida, su organizaci&#xF3;n y nuestra sociedad, lo cual no significa aplicar una panacea, sino trabajar en el sentido de las leyes que rigen el universo.

Richard Koch
Es un exitoso empresario, inversor y consultor, que ha labrado su propio &#xE9;xito sobre la base del principio del 80/20. Como consultor, ha hecho surgir de la nada empresas multimillonarias, restaurantes y hoteles. Es autor y coautor de ocho libros de gran repercusi&#xF3;n, el &#xFA;ltimo de los cuales ha sido Managing Without Management. Como fundador de LEK Partnership, como socio de Gain/Co y como consultor del Boston Consulting Group, y ahora a trav&#xE9;s de su propia consultora -Odyssey-, ha asesorado a presidentes y directores ejecutivos de grandes compa&#xF1;&#xED;as europeas y norteamericanas. Entre sus clientes se encuentran Belgo, la innovadora cadena belga de restaurantes, la compa&#xF1;&#xED;a hotelera MSI y la destiler&#xED;a Plymouth Gin, que data de 1793.
</subfield>
  </datafield>
  <datafield tag="942" ind1=" " ind2="1">
    <subfield code="2">lcc</subfield>
    <subfield code="n">0</subfield>
    <subfield code="c">BK</subfield>
  </datafield>
  <datafield tag="999" ind1=" " ind2=" ">
    <subfield code="c">13484</subfield>
    <subfield code="d">13484</subfield>
  </datafield>
  <datafield tag="952" ind1=" " ind2=" ">
    <subfield code="0">0</subfield>
    <subfield code="1">0</subfield>
    <subfield code="2">lcc</subfield>
    <subfield code="4">0</subfield>
    <subfield code="7">0</subfield>
    <subfield code="8">CG</subfield>
    <subfield code="a">BUMA</subfield>
    <subfield code="b">BUMA</subfield>
    <subfield code="c">GEN</subfield>
    <subfield code="d">2026-05-18</subfield>
    <subfield code="l">0</subfield>
    <subfield code="p">2026-0631</subfield>
    <subfield code="r">2026-05-18</subfield>
    <subfield code="w">2026-05-18</subfield>
    <subfield code="y">BK</subfield>
  </datafield>
</record>
